00949nam a22002177a 450000500170000001000300001702000380004703500260008503700130011108200170012410000260014124500620016726000310022927000850026030000270034549000170037294200310038999900190042095201460043995201460058520240131114836.0 aENG- 139097 ENG- 139098 a9789395116299 (set of 2)c3995.00 aEN-122629 EN- 122630 bDBAD/PUB a346.5406625 aChandratre, KR961479 aCompany Secretarial: bPractice Manual/cBy KR chandratre aGurgaonbLexis Nexisc2023 a14th floor, Building No 10, Tower-B, DLF Cyber City, Phase-ll, bGurgaone122002 axv, 2454p c24cm(pbk) vvol 1, vol 2 2ddccENmCHAh346.54066e5 c200461d200461 00103vol 140718REFaZLSbZLSd2024-01-31eDBAD/PUBg1997.50l0oCHA 346.54066pEN-122629r2024-01-31 00:00:00t1v1997.50w2024-01-31yEN 00103vol 240718REFaZLSbZLSd2024-01-31eDBAD/PUBg1997.50l0oCHA 346.54066pEN-122630r2024-01-31 00:00:00t1v1997.50w2024-01-31yEN